Strategic management : Concepts and Cases. (Record no. 3842)

MARC details
005 - DATE AND TIME OF LATEST TRANSACTION
control field 20250612105936.0
020 ## - INTERNATIONAL STANDARD BOOK NUMBER
International Standard Book Number 0-13-150349-9
082 ## - DEWEY DECIMAL CLASSIFICATION NUMBER
Classification number LECT 658.401 DAV
100 ## - MAIN ENTRY--PERSONAL NAME
Author name DAVID, F. R.
245 ## - TITLE STATEMENT
Title Strategic management : Concepts and Cases.
250 ## - EDITION STATEMENT
Edition statement 10th Ed.
260 ## - PUBLICATION, DISTRIBUTION, ETC.
Place of publication, distribution, etc. New Jersey,
Name of publisher, distributor, etc. Pearson Education,
Date of publication, distribution, etc. 2005.
300 ## - PHYSICAL DESCRIPTION
Extent xxxii, 432p.: ill.; figure, picture, table
Other physical details Reference
Dimensions 26cm.
942 ## - ADDED ENTRY ELEMENTS (KOHA)
Source of classification or shelving scheme Dewey Decimal Classification
Koha item type Books
Holdings
Date last seen Total checkouts Full call number Barcode Cost, replacement price Price effective from Koha item type Lost status Source of classification or shelving scheme Damaged status Not for loan Withdrawn status Home library Current library Shelving location Date acquired Cost, normal purchase price
06/12/2025   LECT 658.401 DAV 00000012689 165000.00 06/12/2025 Books   Dewey Decimal Classification       College of Business Education Main Library College of Business Education Main Library General Collection 11/28/2014 55000.00